000 00474cam a2200193ua 4500
001 3745
005 20260515113725.0
008 111129n ii |||gr||||Z||||||asm
040 _cMAIN
082 _a891.4514
100 1 _aBora, Mahendra,
_eAuthor.
245 1 1 _aSahitya aru sahitya
_cby Mahendra Bora
250 _a1st.
260 _aDibrugarh:
_bBanalata,988.
300 _a214p:
_c23cm.
653 _aAssamese literature
653 _aSahitya aru sahitya
942 _cBK
999 _c3569
_d3569